000 00609nam a22001937a 4500
005 20251108171858.0
008 250721s9999 xx 000 0 ara d
082 1 4 _aط/219.1/مغن
100 1 _aمغنيه، أ .م
245 1 0 _aرسول الله نبوءة سطيح و الزرقاء /
264 1 _aبيروت :
_bدار الكتاب اللبناني،
_c[19-].
300 _a45ص
490 0 _aمجموعة سيرة العرب ؛10
650 1 7 _aالتاريخ الإسلامي
650 1 7 _aحياة الرسول
650 1 7 _aالسيرة النبوية
942 _2ddc
_cBK
999 _c64965
_d64965